Howards end
Στην Αγγλία του 1910 δύο χειραφετημένες αδελφές γνωρίζονται με μια οικογένεια νεόπλουτων που ενδιαφέρονται μόνο για τις αξίες του χρήματος.
Αποθηκεύτηκε σε:
| Άλλοι συγγραφείς: | , , , , |
|---|---|
| Μορφή: | |
| Γλώσσα: | English |
| Δημοσίευση: |
[S.l.] :
Merchant Ivory Productions,
c2004.
|
| Σειρά: | Merchant Ivory collection
|
| Θέματα: | |
| Ετικέτες: |
Προσθήκη ετικέτας
Δεν υπάρχουν, Καταχωρήστε ετικέτα πρώτοι!
|
MARC
| LEADER | 00000cgm a2200000 i 4500 | ||
|---|---|---|---|
| 001 | 1/95022 | ||
| 008 | 081007s1992 xx ||| | || ||eng|| | ||
| 035 | |l 10100685 | ||
| 040 | |a GR-MyUa |b gre |e AACR2 | ||
| 041 | 0 | |a eng | |
| 082 | 7 | |a 791.437 |2 (22) | |
| 245 | 0 | 0 | |a Howards end |h [μαγνητοσκόπηση] / |c directed by James Ivory. |
| 260 | |a [S.l.] : |b Merchant Ivory Productions, |c c2004. | ||
| 300 | |a 2 βιντεοδίσκοι (136 λεπτ.) : |b ομίλ., έγχρ. ; |c 4 3/4 ίν. + |e 1 φυλλάδιο | ||
| 490 | 1 | |a (The merchant Ivory collection) | |
| 500 | |a Κυκλοφόρησε πρώτη φορά ως κινηματογραφική ταινία το 1991. | ||
| 505 | 8 | |a Disc 1 Η ταινία -- Disc 2 The Merchant Ivory collection. | |
| 508 | |a Κάστινγκ, Celestia Fox ; φωτογραφία, Tony Pierce-Roberts ; σχεδιασμός παραγωγής, Luciana Arrighi ; κοστούμια, Jenny Beavan και John Bright ; μοντάζ, Andrew Marcus ; σενάριο, Ruth Prawer Jhabvala ; μουσική, Richard Robbins ; εκτέλεση παραγωγής, Paul Bradley ; παραγωγή, Ismail Merchant. | ||
| 511 | 0 | |a Anthony Hopkins, Vanessa Redgrave, Helena Bonham Carter, Emma Thompson, James Wilby. | |
| 520 | 8 | |a Στην Αγγλία του 1910 δύο χειραφετημένες αδελφές γνωρίζονται με μια οικογένεια νεόπλουτων που ενδιαφέρονται μόνο για τις αξίες του χρήματος. | |
| 546 | |a Στα αγγλικά χωρίς υπότιτλους στα ελληνικά. | ||
| 586 | 8 | |a 3 Βραβεία Όσκαρ, καλύτερου διασκευασμένου σεναρίου, καλύτερης ηθοποιού, καλύτερου καλλιτεχνικού διευθυντή | |
| 650 | 0 | |a Social classes |z Great Britain |v Drama. | |
| 655 | 7 | |a Feature films |2 lcgft | |
| 700 | 1 | |a Ivory, James, |e drt | |
| 700 | 1 | |a Hopkins, Anthony, |d 1937- |e act | |
| 700 | 1 | |a Redgrave, Vanessa, |d 1937- |e act | |
| 700 | 1 | |a Bonham Carter, Helena, |d 1966- |e act | |
| 700 | 1 | |a Thompson, Emma, |e act | |
| 830 | 0 | |a Merchant Ivory collection | |
| 852 | |a INST |b SYROS |c AV |e 20081007 |h 791.437 IVO |p 005500009061 |q 005500009061 |t DVD |y 23 |z Disc.1 | ||
| 852 | |a INST |b SYROS |c AV |e 20081007 |h 791.437 IVO |p 005500009062 |q 005500009062 |t DVD |y 23 |z Disc.2 | ||
| 852 | |a INST |b SYROS |c AV |e 20081007 |h 791.437 IVO |p 005500009061 |q 005500009061 |t DVD |v Disc.1: |y 23 |z Disc.1 | ||
| 852 | |a INST |b SYROS |c AV |e 20081007 |h 791.437 IVO |p 005500009062 |q 005500009062 |t DVD |v Disc.2: |y 23 |z Disc.2 | ||
| 853 | |a INST |b SYROS |c AV |h 791.437 IVO | ||
| 901 | |a BIBL5-2008-1 | ||
| 920 | |a Αναμόρφωση |b ΕΠΕΑΕΚ ΙΙ-ΤΜΣΠΣ |y Σύρος |z 2006-06 | ||
| 970 | |a Κοντού |b Παρασκευή |z 07/10/2008 | ||